The Power of SEDEKAH / (Record no. 1263)

000 -LEADER
fixed length control field nam a22 a 4500
003 - CONTROL NUMBER IDENTIFIER
control field AKMAL
005 - DATE AND TIME OF LATEST TRANSACTION
control field 20170509085055.0
008 - FIXED-LENGTH DATA ELEMENTS--GENERAL INFORMATION
fixed length control field 170509s2015 my e 000 0 may d
020 ## - INTERNATIONAL STANDARD BOOK NUMBER
International Standard Book Number 9789670482798
Qualifying information paperback
Terms of availability RM20.00
040 ## - CATALOGING SOURCE
Original cataloging agency AKMAL
082 04 - DEWEY DECIMAL CLASSIFICATION NUMBER
Classification number 297.54 POW
Edition number 23
090 00 - LOCALLY ASSIGNED LC-TYPE CALL NUMBER (OCLC); LOCAL CALL NUMBER (RLIN)
Classification number (OCLC) (R) ; Classification number, CALL (RLIN) (NR) 297.54
Local cutter number (OCLC) ; Book number/undivided call number, CALL (RLIN) POW
245 04 - TITLE STATEMENT
Title The Power of SEDEKAH /
Statement of responsibility, etc. USTAZ KU MUHAMAD ASMADI KU MOHD SAAD
264 #1 - PRODUCTION, PUBLICATION, DISTRIBUTION, MANUFACTURE, AND COPYRIGHT NOTICE
Place of production, publication, distribution, manufacture Batu Caves, Selangor :
Name of producer, publisher, distributor, manufacturer PUSTAKA AL-EHSAN,
Date of production, publication, distribution, manufacture, or copyright notice [2015?]
300 ## - PHYSICAL DESCRIPTION
Extent xi, 274 pages ;
Dimensions 21 cm
650 10 - SUBJECT ADDED ENTRY--TOPICAL TERM
Topical term or geographic name entry element Islam
General subdivision Charities
9 (RLIN) 2435
650 20 - SUBJECT ADDED ENTRY--TOPICAL TERM
Topical term or geographic name entry element Islamic giving
9 (RLIN) 2505
700 0# - ADDED ENTRY--PERSONAL NAME
Personal name Ku Muhamad Asmadi Ku Mohd Saad,
Titles and other words associated with a name Ustaz,
Dates associated with a name 1976-
Relator term editor.
9 (RLIN) 2506
942 ## - ADDED ENTRY ELEMENTS (KOHA)
Source of classification or shelving scheme
Koha item type Book
Holdings
Withdrawn status Lost status Source of classification or shelving scheme Damaged status Not for loan Collection code Home library Current library Shelving location Date acquired Inventory number Total Checkouts Full call number Barcode Date last seen Price effective from Koha item type
          NON-FICTION AKMAL Melaka AKMAL Melaka PINJAMAN 09.05.2017 200992   297.54 POW 201702446 09.05.2017 09.05.2017 Book
Pusat Sumber Maklumat Dato' Haji Sarmin Md Hussin, Akademi Kastam Diraja Malaysia, Melaka
Tel: 06-2331106 | Faks: 06-2313787